000 00296nam a22001337a 4500
008 171024b xxu||||| |||| 00| 0 eng d
020 _a9780471755302
041 _aeng
080 _26TH
_a311
100 _a55
101 _aSTA
245 _aINTRODUCTORY STATISTICS
_cMANN,P.S
942 _2udc
_cBK
999 _c35783
_d35783